Micro Teaching A Practical Approach (Record no. 215891)

MARC details
000 -LEADER
fixed length control field 00498nam a2200205Ia 4500
008 - FIXED-LENGTH DATA ELEMENTS--GENERAL INFORMATION
fixed length control field 240823s9999||||xx |||||||||||||| ||und||
020 ## - INTERNATIONAL STANDARD BOOK NUMBER
International Standard Book Number 81-7273-314-3
082 ## - DEWEY DECIMAL CLASSIFICATION NUMBER
-- 370.733 P9
100 ## - MAIN ENTRY--PERSONAL NAME
Personal name Sunita Joshi
245 #0 - TITLE STATEMENT
Title Micro Teaching A Practical Approach
250 ## - EDITION STATEMENT
Edition statement 1st
260 ## - PUBLICATION, DISTRIBUTION, ETC. (IMPRINT)
Date of publication, distribution, etc 2009
Name of publisher, distributor, etc Authors
Place of publication, distribution, etc Delhi
500 ## - GENERAL NOTE
General note YES
650 ## - SUBJECT ADDED ENTRY--TOPICAL TERM
Topical term or geographic name as entry element Micro Teaching
700 ## - ADDED ENTRY--PERSONAL NAME
Personal name Abha Sharma
942 ## - ADDED ENTRY ELEMENTS (KOHA)
Item type Books
Holdings
Withdrawn status Lost status Damaged status Permanent location Current location Date acquired Source of acquisition Cost, normal purchase price Full call number Barcode Date last seen Koha item type
      CENTRAL LIBRARY, NOORUL ISLAM CENTRE FOR HIGHER EDUCATION CENTRAL LIBRARY, NOORUL ISLAM CENTRE FOR HIGHER EDUCATION 04/23/2013 Tamil Nadu Book House 75.00 370.733 P9 65563 08/23/2024 Books
Visitors:
Copyright © 2024 Central Library NICHE.  All rights reserved.